| 000 | 00487nam a22001697a 4500 | ||
|---|---|---|---|
| 999 |
_c61655 _d61655 |
||
| 005 | 20240410164117.0 | ||
| 008 | 240410s2007 fr ||||| |||| 00| 0 fre d | ||
| 020 | _a9782200347697x | ||
| 041 | _afre | ||
| 080 | _a316 P-39 | ||
| 100 |
_aPellissier, Juliette _921759 |
||
| 245 |
_aLa guerre des âges / _cJuliette Pellissier. |
||
| 264 |
_aParis : _bARMAND COLIN, _c2007. |
||
| 300 |
_a238 p.; _b20 cm. |
||
| 653 | _aსაუკუნეთა ომი | ||
| 942 |
_2udc _cᲬᲘᲒᲜᲘ |
||